Random Acronyms #3 - Statistics

General Stats
  • This quiz has been taken 37,770 times
    37,751 since last reset
  • The average score is 12 of 24
Answer Stats
Acronym Clue Stands For % Correct
DJ Music Disc Jockey
80%
MIB Movie Title Men in Black
79%
ETA Travel Estimated Time of Arrival
76%
CD Music Compact Disc
74%
D&D Games Dungeons & Dragons
70%
DA Law District Attorney
66%
GPA Education Grade Point Average
65%
MMA Fighting Mixed Martial Arts
63%
ED Viagra Ads Erectile Dysfunction
60%
FC Soccer Football Club
60%
CC E-mail Carbon Copy
58%
PPV Television Pay Per View
57%
ATV Cars All-Terrain Vehicle
55%
AD Dates Anno Domini
44%
IPA Beer India Pale Ale
41%
LP Music Long Playing
41%
MP British Politics Member of Parliament
39%
LLC Business Limited Liability Company
30%
FM Radio Frequency Modulation
22%
IP Law Intellectual Property
20%
SF Writing Science Fiction
19%
CB Radio Citizens' Band
16%
ARM Loans Adjustable Rate Mortgage
14%
MLA Writing Modern Language Association
9%
No matching quizzes found
Score Distribution
Percent of People with Each Score
Percentile by Number Answered
Your Score History
You have not taken this quiz since the last reset